Logo BPK

Biblioteka

Politechniki Koszalińskiej

Kształcenie pedagogiczne młodej kadry naukowo-dydaktycznej : (Rekord nr 35353)

Szczegóły MARC
000 -ETYKIETA REKORDU
podpole kontrolne o stałej długości 01500nam a2200409 i 4500
001 - NUMER KONTROLNY REKORDU
pole kontrolne 35353
003 - IDENTYFIKATOR NUMERU KONTROLNEGO REKORDU
podpole kontrolne KOSZ 005
005 - DATA OSTATNIEJ MODYFIKACJI REKORDU
podpole kontrolne 20200207111830.0
008 - POLE O STAŁEJ DŁUGOŚCI - DANE KONTROLNE
podpole kontrolne o stałej długości 021122s1977 pl a |000 0 pol
015 ## - NUMER BIBLIOGRAFII NARODOWEJ
Numer bibliografii narodowej PB 1977/9281
035 ## - NUMER SYSTEMOWY
Numer systemowy przejętego rekordu 991019856599705066
035 ## - NUMER SYSTEMOWY
Numer systemowy przejętego rekordu (PL-WaBN)b15383118-48omnis_nlop
035 ## - NUMER SYSTEMOWY
Numer systemowy przejętego rekordu b15383118
035 ## - NUMER SYSTEMOWY
Numer systemowy przejętego rekordu (OCoLC)830376069
035 ## - NUMER SYSTEMOWY
Numer systemowy przejętego rekordu (PL)b0000001538311
035 ## - NUMER SYSTEMOWY
Numer systemowy przejętego rekordu (EXLNZ-48OMNIS_NETWORK)9910245096405606
040 ## - ŹRÓDŁO KATALOGOWANIA
Instytucja, która sporządziła opis WA N
Instytucja, która utworzyła rekord WA N
Instytucja, która dokonała modyfikacji KOSZ 005/HR
041 0# - KOD JĘZYKA
Kod języka tekstu pol
046 ## - DATY KODOWANE
Pojedyncza data lub początek okresu powstania dzieła lub zbioru dzieł 1977
080 ## - UNIWERSALNA KLASYFIKACJA DZIESIĘTNA - UKD
UKD 378.091.2-057.4
080 ## - UNIWERSALNA KLASYFIKACJA DZIESIĘTNA - UKD
UKD 378.091.3
245 00 - TYTUŁ/ODPOWIEDZIALNOŚĆ
Tytuł Kształcenie pedagogiczne młodej kadry naukowo-dydaktycznej :
Ciąg dalszy tytułu materiały dydaktyczne.
Oznaczenie części/sekcji dzieła Z. 2,
Tytuł części/sekcji dzieła Podstawy badań naukowych i procesu dydaktyczno-wychowawczego /
Pozostałe elementy strefy tytułu i oznaczenia odpowiedzialności pod red. Leona Leji.
246 30 - WARIANT TYTUŁU
Tytuł Podstawy badań naukowych i procesu dydaktyczno-wychowawczego
260 ## - STREFA ADRESU WYDAWNICZEGO
Miejsce wydania Poznań :
Nazwa wydawcy/dystrybutora Uniwersytet im. Adama Mickiewicza. Instytut Nowych Technik Kształcenia,
Data publikacji, dystrybucji/powstania dokumentu 1977.
300 ## - STREFA OPISU FIZYCZNEGO
Objętość 96, [1] s. :
Inne cechy fizyczne il. ;
Rozmiary 24 cm.
380 ## - FORMA I TYP PUBLIKACJI
Forma i typ publikacji Książki
504 ## - UWAGA DOTYCZĄCA BIBLIOGRAFII
Informacje o bibliografii Bibliogr. przy rozdz.
650 #7 - HASŁO PRZEDMIOTOWE W FORMIE NAZWY OGÓLNEJ LUB JEDNOSTKOWEJ
Nazwa ogólna lub geograficzna Kształcenie nauczycieli
Źródło hasła lub terminu DBN
650 #7 - HASŁO PRZEDMIOTOWE W FORMIE NAZWY OGÓLNEJ LUB JEDNOSTKOWEJ
Nazwa ogólna lub geograficzna Nauczyciele akademiccy
650 #7 - HASŁO PRZEDMIOTOWE W FORMIE NAZWY OGÓLNEJ LUB JEDNOSTKOWEJ
Nazwa ogólna lub geograficzna Nauczanie
Źródło hasła lub terminu DBN
650 #7 - HASŁO PRZEDMIOTOWE W FORMIE NAZWY OGÓLNEJ LUB JEDNOSTKOWEJ
Nazwa ogólna lub geograficzna Pedagogika
Źródło hasła lub terminu DBN
658 ## - TERMIN INDEKSOWY - PRZEDMIOT PROGRAMU NAUCZANIA
Główny przedmiot programu nauczania Edukacja i pedagogika
700 1# - HASŁO DODATKOWE - NAZWA OSOBOWA
Nazwa osobowa Leja, Leon
Daty związane z nazwą (1913-1997)
Określenie związku między hasłem a opisywanym materiałem Redakcja
856 ## - LOKALIZACJA I DOSTĘP DO ELEKTRONICZNYCH DOKUMENTÓW ZDALNYCH
Link (URL) http://koha.tu.koszalin.pl/cgi-bin/koha/opac-detail.pl?biblionumber=35353
Tekst linku Katalog online BPK
942 ## - DODATKOWE ELEMENTY (KOHA)
Schemat klasyfikacji Uniwersalna Klasyfikacja Dziesiętna
Typ dokumentu Książka
Egzemplarze
Wycofany Status egzemplarza Uszkodzony Dostępność Lokalizacja stała Lokalizacja bieżąca Miejsce przechowywania Sygnatura Kod kreskowy Typ dokumentu
      Dostępny Biblioteka Politechniki Koszalińskiej Biblioteka Politechniki Koszalińskiej Wypożyczalnia BG 22764/3 02056388 Książka
      Dostępny Biblioteka Politechniki Koszalińskiej Biblioteka Politechniki Koszalińskiej Wypożyczalnia BG 22765/3 02056425 Książka
© 2023 Biblioteka Politechniki Koszalińskiej :: KOHA